Symbols of prehistoric Mesopotamia /

محفوظ في:

المؤلف الرئيسي: Goff, Beatrice Laura (مؤلف)

التنسيق: كتاب

اللغة: English

منشور في: New Haven, Yale University Press, 1963.

الموضوعات:

الوسوم: إضافة وسم

لا توجد وسوم, كن أول من يضع وسما على هذه التسجيلة!

رقم الطلب: N5370 .G61 1963

LEADER 00722namaa2200253 4500
001 25193
003 OSt
005 20250821104439.0
008 130303s1963 ctubf b 000 0 eng d
010 |a 62008247 
040 |c ARCE Library 
043 |a a-iq--- 
050 4 |a N5370 .G61 1963 
100 1 |a Goff, Beatrice Laura,   |e author 
245 1 0 |a Symbols of prehistoric Mesopotamia /   |c Beatrice Laura Goff. 
264 1 |a New Haven,   |b Yale University Press,   |c 1963. 
300 |a xliii, 276 p. :   |b plates, fold. map. ;   |c 29 cm. 
504 |a Bibliographical footnotes. 
650 0 |a Art  |z Iraq  |x History. 
650 0 |a Symbolism in art. 
651 0 |a Iraq  |x Religion. 
901 |a reviewed 
942 |c BK  |2 lcc 
999 |c 21145  |d 21145